LEADER 01317nam a2200253 4500 001 000000339764 003 CaOOAMICUS 005 20200310142123.0 008 200310s1826 it 000 u ita r 026 $aeeei EELE ma,e naPl (3) 1826 (R) 040 $aSeMil$bita 100 11$aSavi, Gaetano,$d<1769-1844>.$0(OLS)http://semarc/name/111113 245 00$aScelta di generi di piante con i loro respettivi caratteri disposti secondo il sistema sessuale e il metodo naturale per uso degli studenti di botanica di Gaetano Savi ... 264 1$aPisa :$bpresso Sebastiano Nistri,$c1826. 300 $aXII, 302, [2] p. ;$c8° 650 4$aBotanica.$0(OLS)http://semarc/subject/4004 650 4$aBotanica - Classificazioni.$0(OLS)http://semarc/subject/49010 700 1 $aNistri, Sebastiano,$c.$0(OLS)http://semarc/name/111114 752 $aIT$dPisa 850 $aSeMil 852 $aSeMil$W1$xVenegono$y1$m3XF II 1 FA$j219218$B230960$CSeMilBibl$Z2$F230960 $8I 996 $6245$aScelta di generi di piante con i loro respettivi caratteri disposti secondo il sistema sessuale e il metodo naturale per uso degli studenti di botanica di Gaetano Savi ...$9(OLS)http://semarc/title/428702 996 $6264$aPisa :$bpresso Sebastiano Nistri$9(OLS)http://semarc/publisher/37204 LEADER 01210nam a2200301 i 4500 001 000000210035 003 CaOOAMICUS 005 20250513101905.0 008 120110s1999 it u000 u ita u 013 $a188827 040 $aSeMil$bita 100 1 $aConrad, Joseph,$d<1857-1924>.$0(OLS)http://semarc/name/8193 240 10$aTyphoon.$0(OLS)http://semarc/title/440146 245 10$aTifone /$cJoseph Conrad ; traduzione di Alda Politzer e Goffredo Miglietta. 250 $aEd. speciale per Famiglia Cristiana. 264 1$a[S.l.] :$bFamiglia Cristiana,$c1999. 300 $aX, 145 p. ;$c21 cm. 490 1 $aGli indimenticabili ;$v4 500 $aSupplemento a Famiglia Cristiana. 700 1 $aMiglietta, Goffredo.$0(OLS)http://semarc/name/60569 700 1 $aPolitzer, Alda.$0(OLS)http://semarc/name/75257 830 4$aGli indimenticabili ;$v4.$0(OLS)http://semarc/title/35162 850 $aSeMil 852 $aSeMil$W1$xVenegono$y1$m1U II 95$j160486$B160486$CSeMilBibl$Z2$F172919 $81 961 $aOmaggio: Altro 996 $6245$aTifone$9(OLS)http://semarc/title/303661 996 $6264$a[S.l.] :$bFamiglia Cristiana$9(OLS)http://semarc/publisher/33580